000 00584cam a22002053a 4500
001 41302
003 PGUSA
005 20140828083929.0
008 121105s2012||||xxu|||||s|||||000 | eng d
040 _aPGUSA
_beng
042 _adc
100 1 _aGlyn, Elinor,
_d1864-1943
245 1 4 _aThe Letters of her Mother to Elizabeth
_h[electronic resource] /
_cElinor Glyn
260 _bProject Gutenberg,
_c2012
506 _aPublic domain in the USA.
516 _aElectronic text
830 0 _aProject Gutenberg
_v41302
856 4 0 _uhttp://www.gutenberg.org/ebooks/41302
942 _cEB
999 _c270554
_d270554